000 00429nam a2200181Ia 4500
005 20250423095151.0
008 250422s9999 xx 000 0 und d
020 _a9780470009680
050 _aTK 9965 .B69/
100 _aBoysen, Earl.
245 0 _aElectronics projects for dummies
260 _aHoboken
260 _bWiley Publishing Inc.
260 _c2020
300 _a408 p
650 _aElectronics.
942 _cBK
999 _c29447
_d29447